00676nam a2200169 a 450000100100000000500170001000800410002704000250006808200150009310000230010824500960013126000590022730000290028670000610031595201130037699900170048900002841320250217091458.0110408s1990 dr a 000 0 spa d aDO-SdBNPbspacBNPHU axxxbS718c1 aSoto, Julio93113810aCelebremos la misa /cJulio Soto ; presentación Nicolás de Jesús López Rodríguez. aSanto Domingo :bInstituto Técnico salesiano,c1990. a40 p. ; :bil. ;c22 cm.1 a López Rodríguez, Nicolás de Jesús, d1936-9670 0010718PDaPDbPDcCTd2011-04-08iLF1l0oxxx S718cp28413-10r2020-06-25w2020-06-25yLFPDZNo se presta c27905d27905